An introduction to American Government / (Record no. 7081)

000 -LEADER
fixed length control field 01049cam a2200349 i 4500
001 - CONTROL NUMBER
control field 2263922
003 - CONTROL NUMBER IDENTIFIER
control field OSt
005 - DATE AND TIME OF LATEST TRANSACTION
control field 20260514090202.0
008 - FIXED-LENGTH DATA ELEMENTS--GENERAL INFORMATION
fixed length control field 780821s1979 nyua b 001 0 eng
010 ## - LIBRARY OF CONGRESS CONTROL NUMBER
LC control number 78012041
020 ## - INTERNATIONAL STANDARD BOOK NUMBER
International Standard Book Number 006045279X
035 ## - SYSTEM CONTROL NUMBER
System control number 2263922
040 ## - CATALOGING SOURCE
Original cataloging agency DLC
Transcribing agency IRDP
Modifying agency DLC
043 ## - GEOGRAPHIC AREA CODE
Geographic area code n-us---
050 00 - LIBRARY OF CONGRESS CALL NUMBER
Classification number JK274
Item number .P76 1979
082 00 - DEWEY DECIMAL CLASSIFICATION NUMBER
Classification number 320.973 PRE
100 1# - MAIN ENTRY--PERSONAL NAME
Personal name Prewitt, Kenneth.
245 13 - TITLE STATEMENT
Title An introduction to American Government /
Statement of responsibility, etc. Kenneth Prewitt, Sidney Verba.
250 ## - EDITION STATEMENT
Edition statement 3d ed.
260 ## - PUBLICATION, DISTRIBUTION, ETC. (IMPRINT)
Place of publication, distribution, etc. New York :
Name of publisher, distributor, etc. Harper & Row,
Date of publication, distribution, etc. c1979.
300 ## - PHYSICAL DESCRIPTION
Extent xiii, 657 p. :
Other physical details ill. ;
Dimensions 24 cm.
336 ## - CONTENT TYPE
Content type term text
Content type code txt
Source rdacontent
337 ## - MEDIA TYPE
Media type term unmediated
Media type code n
Source rdamedia
338 ## - CARRIER TYPE
Carrier type term volume
Carrier type code nc
Source rdacarrier
500 ## - GENERAL NOTE
General note Includes index.
504 ## - BIBLIOGRAPHY, ETC. NOTE
Bibliography, etc Bibliography: p. 626-632.
651 #0 - SUBJECT ADDED ENTRY--GEOGRAPHIC NAME
Geographic name United States
General subdivision Politics and government.
700 1# - ADDED ENTRY--PERSONAL NAME
Personal name Verba, Sidney,
Relator term joint author.
906 ## - LOCAL DATA ELEMENT F, LDF (RLIN)
a 7
b cbc
c orignew
d 1
e ocip
f 19
g y-gencatlg
942 ## - ADDED ENTRY ELEMENTS (KOHA)
Source of classification or shelving scheme
Koha item type BOOKS
Holdings
Withdrawn status Lost status Source of classification or shelving scheme Damaged status Not for loan Home library Current library Date acquired Total Checkouts Full call number Barcode Date last seen Price effective from Koha item type
          Dodoma Dodoma 14/05/2026   320.973 PRE LIB002528 14/05/2026 14/05/2026 BOOKS

IRDP © 2019 :: Managed by IRDP ICT Unit